Aplikácia modelu vzájomných zápočtov

Aplikácia modelu vzájomného zápočtu s možnosťou vytvárania novej dlhovej štruktúry na dlžnícku sieť 21 prepojených subjektov, ktoré navzájom spolupracujú a rozhodli sa dobrovoľne zapojiť do systému vzájomných zápočtov. Motiváciou pre takéto rozhodnutie bolo najmä ich majetkové prepojenie a zníženie...

Ausführliche Beschreibung

Gespeichert in:
Bibliographische Detailangaben
1. Verfasser: Babej, Andrej
Weitere Verfasser: Gežík, Pavel, 1983-
Format: Buchkapitel
Sprache:Slowakisch
Schlagworte:
Tags: Tag hinzufügen
Keine Tags, Fügen Sie das erste Tag hinzu!

MARC

LEADER 00000nla a2200000 4500
001 0212584
005 20240502083532.4
041 0 |a slo 
044 |a CZ 
245 1 0 |a Aplikácia modelu vzájomných zápočtov  |c Andrej Babej, Pavel Gežík 
520 |a Aplikácia modelu vzájomného zápočtu s možnosťou vytvárania novej dlhovej štruktúry na dlžnícku sieť 21 prepojených subjektov, ktoré navzájom spolupracujú a rozhodli sa dobrovoľne zapojiť do systému vzájomných zápočtov. Motiváciou pre takéto rozhodnutie bolo najmä ich majetkové prepojenie a zníženie potreby kapitálu na úhradu svojich pohľadávok a záväzkov, a tým aj zníženie nákladov na prevod peňažných prostriedkov medzi jednotlivými subjektmi. Modely vzájomného zápočtu môžu poskytovať v reálnej praxi najmä výhodu v šetrení nákladov spojených s realizáciou úhrad jednotlivých dlhov. 
610 2 0 |a modelovanie 
610 2 0 |a modely 
610 2 0 |a dlhy 
610 2 0 |a pohľadávky 
610 2 0 |a záväzky 
100 1 |a Babej, Andrej 
700 1 |a Gežík, Pavel, 1983-